The concise illustrated book of dinosaurs

Bibliographic Details
Main Author: MATHEWS, Rupert
Format: Book
Published: London : Grange Books , 1993
Series:The concise illustrated book of
Subjects:

MARC

LEADER 00000cam a2200000 7i4500
001 0000000588
002 000000679
005 20080401.0
020 |a 1856272176 
090 0 0 |a 030   |b MAT 
100 1 |a MATHEWS, Rupert 
245 1 4 |a The concise illustrated book of dinosaurs   |c Rupert Mathews 
260 |a London :   |b Grange Books ,   |c 1993 
300 |a 46p ;   |c 16cm. 
490 0 |a The concise illustrated book of 
650 0 0 |a Dinosaurs   |x Habits and Behaviors   |x Juvenile literature 
999 |a 029969   |b BUKU   |c JUNIOR REFERENCE   |e PERPUSTAKAAN KOMUNITI PETALING JAYA